00876 2200289 4500001002100000005001500021035002500036008004100061020002200102040001700124082001800141084002000159090002400179090002100203100001900224245011800243260003000361300002900391500003000420650004500450700001800495700001600513850001200529007000300541999002100544990002100565INLIS00000000000463520200604042325 a0010-041500000001701150428s2014 yoia cr ind d a978-979-29-4263-7 aYOPDYOGbind04222a499.22107 a499.22107 AGU c aDEP 499.22107 AGU c aCB-D.11 2014-8620 aAgus Kamaludin00aCara cespleng pintar bahasa Indonesia SMP kelas 7, 8, 9 /cAgus Kamaludin, Niken Umiyati; penyunting, Seno Wibowo3 aYogyakarta :bAndi,c2014 avi, 218 halaman ;c19 cm aBibliografi : halaman 217 4aBahasa Indonesia--xStudi dan pengajaran0 aNiken Umiyati0 aSeno Wibowo aYOPDYOGta aCB-D.11/2014-862 aCB-D.11/2014-862